20 Bundesligatorjäger FC Bayern München - Statistiken

Allgemein
  • Dieses Quiz wurde 179 mal gespielt
  • Das Durchschnittsergebnis liegt bei 12 aus 20
Antwortstatistiken
Hint Antwort % Korrekt
365 Gerd Müller
100%
149 Thomas Müller
100%
238 Robert Lewandowski
97%
99 Arjen Robben
88%
86 Franck Ribéry
87%
162 Karl-Heinz Rummenigge
77%
75 Mario Gómez
70%
92 Giovane Élber
68%
102 Dieter Hoeneß
66%
86 Uli Hoeneß
66%
85 Lothar Matthäus
61%
87 Claudio Pizarro
57%
63 Serge Gnabry
55%
78 Roy Makaay
53%
87 Mehmet Scholl
46%
83 Paul Breitner
33%
119 Roland Wohlfarth
26%
72 Franz Roth
17%
64 Rainer Ohlhauser
8%
59 Dieter Brenninger
5%
Keine übereinstimmenden Quizze gefunden
Verteilung der Resultate
Anzahl Personen mit jedem Resultat
Perzentil nach korrekt beantworteten Fragen
Ihre Resultats-Entwicklung
Sie haben dieses Quiz noch nicht gespielt